Statistics for Car Brands by Picture #3

Click here to take the quiz!

General Stats

  • This quiz has been taken 94 times
  • The average score is 10 of 12

Answer Stats

Answer% Correct
Honda
95%
Porsche
94%
Volkswagen
94%
Chevrolet
93%
Volvo
90%
Hyundai
84%
Maserati
83%
Mitsubishi
79%
Suzuki
74%
Haval
60%
Skoda
59%
SEAT
58%

Score Distribution

Percentile by Number Answered

Percent of People with Each Score

Your Score History

You have not taken this quiz